Manuel José Quintana y el nacimiento del liberalismo en España / (Record no. 55463)

MARC details
000 -LEADER
campo de control de longitud fija 00701nam a2200205 i 4500
001 - NÚMERO DE CONTROL
campo de control 55463
003 - IDENTIFICADOR DE NÚMERO DE CONTROL
campo de control ES-MaACL
005 - FECHA Y HORA DE LA ÚLTIMA TRANSACCIÓN
campo de control 20251012183630.0
007 - CAMPO FIJO DE DESCRIPCIÓN FÍSICA--INFORMACIÓN GENERAL
campo de control de longitud fija t|
008 - DATOS DE LONGITUD FIJA--INFORMACIÓN GENERAL
campo de control de longitud fija 030919s1978 sp ||||1| spa d
100 1# - ENTRADA PRINCIPAL--NOMBRE DE PERSONA
Nombre de persona Dérozier, Albert.
9 (RLIN) 152216
245 10 - MENCIÓN DEL TÍTULO
Título Manuel José Quintana y el nacimiento del liberalismo en España /
Mención de responsabilidad, etc. por Albert Derozier ; traducción, Manuel Moya.
260 ## - PUBLICACIÓN, DISTRIBUCIÓN, ETC.
Lugar de publicación, distribución, etc. Madrid :
Nombre del editor, distribuidor, etc. Turner,
Fecha de publicación, distribución, etc. [1978]
300 ## - DESCRIPCIÓN FÍSICA
Extensión 817 p. ;
Dimensiones 25 cm.
600 17 - PUNTO DE ACCESO ADICIONAL DE MATERIA--NOMBRE DE PERSONA
Nombre de persona Quintana, Manuel José,
Fechas asociadas al nombre 1772-1857-
Subdivisión general Crítica e interpretación
Fuente del encabezamiento o término
9 (RLIN) 149032
650 04 - PUNTO DE ACCESO ADICIONAL DE MATERIA--TÉRMINO DE MATERIA
Término de materia o nombre geográfico como elemento de entrada Liberalismo-
Subdivisión geográfica España-
Subdivisión cronológica S.XIX.
9 (RLIN) 14390
700 1# - ENTRADA AGREGADA--NOMBRE PERSONAL
Nombre de persona Moya, Manuel.
9 (RLIN) 83959
852 ## - LOCALIZACIÓN
Ubicación ES-MaACL
Número de control de estantería A-8994
Sublocalización o colección R.98056
Holdings
Estatus retirado Estado de pérdida Estado de daño No para préstamo Biblioteca de origen Biblioteca actual Ubicación en estantería Fecha de adquisición Fuente de adquisición Total de préstamos Signatura topográfica completa Código de barras Visto por última vez Precio de reemplazo Tipo de ítem Koha
        Biblioteca del Ateneo de Madrid Biblioteca del Ateneo de Madrid Depósito 1 17/01/2008     A-8994 1058271 23/02/2023 23/02/2023 Libro impreso